La Liga-Mannschaften - Statistiken

Allgemein
  • Dieses Quiz wurde 993 mal gespielt
    247 seit der letzten Aktualisierung
  • Das Durchschnittsergebnis liegt bei 14 aus 20
Antwortstatistiken
Vereine % Korrekt
Real Madrid
100%
FC Barcelona
99%
Atlético Madrid
97%
FC Sevilla
92%
Espanyol Barcelona
91%
FC Valencia
87%
Athletic Bilbao
84%
RCD Mallorca
81%
FC Villarreal
79%
Real Betis Sevilla
71%
Real Sociedad San Sebastian
71%
FC Girona
70%
FC Getafe
60%
Celta Vigo
59%
UD Levante
53%
FC Elche
51%
CA Osasuna
49%
Rayo Vallecano
49%
Real Oviedo
48%
Deportivo Alavés
38%
Keine übereinstimmenden Quizze gefunden
Verteilung der Resultate
Anzahl Personen mit jedem Resultat
Perzentil nach korrekt beantworteten Fragen
Ihre Resultats-Entwicklung
Sie haben dieses Quiz seit der letzten Aktualisierung nicht gespielt